Isère - mort subite - Statistiques

Statistiques générales
  • Ce quiz a été pris 80 fois
  • Le résultat moyen est 7 sur 18
Answers on the Grid
Answers color-coded by a green-red scale on the quiz's grid according to % correct below.
Saint-Martin-d'Hères
Des ours sauvages
Romans-sur-Isère
Un sommet de 4000 m
Institut Laue-Langevin
Un stade de la Coupe Mondiale
Bourgoin-Jallieu
Le lieu d'exil d'Hérode Archélaos
Mamoudzou
Vienne (France)
Des loups sauvages
Oulx
Semnan
Voiron
La Tour-du-Pin
Artvin
Courmayeur
Viseu
Une ville hôte des Jeux olympiques
Grand Combin
Alpe d'Huez
Guaviare
La Côte-Saint-André
Échirolles
Ugine
Ogun
Kismaayo
Labé
Un aéroport international
Roseville
Pontcharra
Saint-Marcellin
Une frontière avec l'Italie
Grande Chartreuse
Cannes
Une capitale provinciale romaine
 
Statistiques - réponses
Réponse % Correct
Saint-Martin-d'Hères
83%
Bourgoin-Jallieu
54%
Grenoble, 1968 (Chamrousse, Villard de Lans, Autrans) Une ville hôte des Jeux olympiques
54%
Vienne (France)
54%
Voiron
51%
La Tour-du-Pin
44%
Grande Chartreuse
41%
Des loups sauvages
39%
Échirolles
37%
La Côte-Saint-André
37%
Pontcharra
37%
Saint-Marcellin
37%
Pic Lory Un sommet de 4000 m
29%
Alpe d'Huez
24%
Institut Laue-Langevin
17%
Vienne Une capitale provinciale romaine
17%
Vienna (Vienne). Le fils d'Hérode le Grand, il était le souverain ethnarque de Judée, 4 av. J.-C. – 6 apr. J.-C. Le lieu d'exil d'Hérode Archélaos
15%
Un aéroport international
15%
Aucun quiz correspondant
Distribution des résultats
% des personnes avec chaque résultat
Percentile par nombre de réponses
Votre historique - résultats
Vous n’avez pas pris ce quiz